000 00253nam a2200109Ia 4500
008 220630s9999 xx 000 0 und d
020 _a799334170
082 _aAF SMITH
100 _aJOUBERT SMITH
_9157987
245 0 _aGISTER SE VERLANGE
942 _cBK
_w561
_xJohn Tresidder
_y561
_zJohn Tresidder
999 _c703022
_d703021